[Event "HUN-chT BAZ megyei CSB 2122"]
[Site "Hungary"]
[Date "2022.01.23"]
[Round "6.6"]
[White "Simai, Gabor"]
[Black "Csiki, Laszlo Levente"]
[Result "1/2-1/2"]
[WhiteElo "1824"]
[BlackElo "1670"]
[PlyCount "55"]
[EventDate "2021.10.17"]
[EventType "team-tourn"]
[EventRounds "9"]
[EventCountry "HUN"]
[SourceTitle "EXT 2025"]
[Source "ChessBase"]
[SourceDate "2024.10.14"]
[SourceVersion "1"]
[SourceVersionDate "2024.10.14"]
[SourceQuality "1"]
[WhiteTeam "Szerencs Varos"]
[BlackTeam "DVTK II"]
[WhiteTeamCountry "HUN"]
[BlackTeamCountry "HUN"]

1. e4 e5 2. Nc3 Nf6 3. Bc4 Nc6 4. a3 Bc5 5. d3 d6 6. Na4 Nd7 7. Nxc5 Nxc5 8. Ne2 0-0 9. Ng3 Be6 10. Ba2 Qd7 11. c3 Bxa2 12. Rxa2 Qe6 13. c4 b5 14. b3 Nd4 15. Rb2 f5 16. exf5 Nxf5 17. Nxf5 Qxf5 18. 0-0 Nxd3 19. Rc2 Nxc1 20. Qxc1 bxc4 21. Rxc4 c5 22. Qd2 Qe6 23. Re1 Qf6 24. Rc3 h6 25. Rd3 Rad8 26. f3 Rf7 27. Re4 Rfd7 28. Rd5 1/2-1/2

[Event "HUN-chT2 Barcza 1112 "]
[Site "Hungary"]
[Date "2012.02.19"]
[Round "6"]
[White "Vass, Laszlo"]
[Black "Simai, Gabor"]
[Result "0-1"]
[WhiteElo "1789"]
[BlackElo "1786"]
[PlyCount "68"]
[EventDate "2011.09.25"]
[EventType "team-tourn"]
[EventRounds "11"]
[EventCountry "HUN"]
[SourceTitle "EXT 2013"]
[Source "ChessBase"]
[SourceDate "2012.11.22"]
[SourceVersion "1"]
[SourceVersionDate "2012.11.22"]
[SourceQuality "1"]
[WhiteTeam "Nadudvar"]
[BlackTeam "Sarospatak"]
[WhiteTeamCountry "HUN"]
[BlackTeamCountry "HUN"]

1. e4 e5 2. Nc3 Nc6 3. Bc4 Bb4 4. Qg4 g6 5. Qf3 Qf6 6. Nd5 Qxf3 7. Nxf3 Ba5 8. c3 d6 9. a4 Bb6 10. b4 a5 11. Nxb6 cxb6 12. b5 Nd8 13. d4 f6 14. Be3 Kd7 15. dxe5 fxe5 16. Bxb6 Ne6 17. 0-0-0 Ke7 18. Bc7 Nxc7 19. Ng5 Ne6 20. h4 Nf6 21. f3 h6 22. Nxe6 Bxe6 23. Bxe6 Kxe6 24. Kb2 Rac8 25. Rd2 Rhd8 26. Rhd1 Rc5 27. Kb3 d5 28. exd5+ Rcxd5 29. Rxd5 Rxd5 30. Rg1 Rd2 31. Kc4 b6 32. g4 Nd5 33. h5 g5 34. Re1 Rc2 0-1